000
00267nam a22001217a 4500
008
181101b xxu||||| |||| 00| 0 eng d
041
_a
eng
080
_a
610
100
_a
3
101
_a
SHM
245
_a
Basic Clinical Parasitology
_c
Belding.B
942
_2
udc
_c
BK
999
_c
51407
_d
51407